000 00709nam a22001337a 4500
040 _cRUA
082 _aAGR TUY 2009 BO39 Or.1
100 _aTUY, VUTTHY
245 _aEffect of different fertilizer and growing methods on water convolvulus at royal university of agriculture ឥទ្ទិពលជីផ្សេងៗគ្នា និងវិធីសាស្រ្តដាំដុះទៅលើដំណាំត្រកួន នៅសាកលវិទ្យាល័យភូមិន្ទកសិកម្ម
260 _aPhnom penh
_bRUA
_c2009
300 _axiii, 42p
_bill
_c29cm
856 _uhttps://drive.google.com/file/d/14CMDRFjofB1hb_SUjh_s7_nFXTecJjqG/view?usp=sharing
942 _cAGR
999 _c1067
_d1067